Social theory and social invention /

Bibliographic Details
Corporate Author: Case Western Reserve University. School of Applied Social Sciences
Other Authors: Stein, Herman David, Frankel, Charles, 1917-1979
Format: Book
Language:English
Published: Cleveland : Press of Case Western Reserve University, 1968.
Subjects:

MARC

Tag First Indicator Second Indicator Subfields
LEADER 00000cam a22000001 4500
001 in00000227608
005 20151009075132.0
008 711005s1968 ohu b 00000 eng
010 |a  67027794  
035 |a (OCoLC)00282272 
035 |9 AAZ3391AM 
040 |a DLC  |c DLC  |d TXA  |d UtOrBLW 
049 |a TXAM  |c [918183] 
050 0 0 |a H61  |b .S775 
082 0 |a 300/.1 
245 0 0 |a Social theory and social invention /  |c Edited with an introd. by Herman D. Stein. Essays by Charles Frankel [and others]. 
264 1 |a Cleveland :  |b Press of Case Western Reserve University,  |c 1968. 
300 |a xx, 187 pages ;  |c 22 cm. 
336 |a text  |b txt  |2 rdacontent 
337 |a unmediated  |b n  |2 rdamedia 
338 |a volume  |b nc  |2 rdacarrier 
500 |a Published as part of the celebration of the 50th anniversary of the School of Applied Social Sciences of Case Western Reserve University. 
504 |a Bibliographical footnotes. 
505 0 |a Introduction, by H. D. Stein.--The relation of theory to practice; some standard views, by C. Frankel. Commentary, by C. I. Schottland, E. L. Younghusband, and W. M. Young, Jr. The response, by C. Frankel.--A subversive version of the Great Society, by M. Harrington. Commentary, by R. A. Cloward, J. B. Turner, and A. A. Linford. The response, by M. Harrington.--Captives, concensus and conflict; implications for new roles in social change, by M. Tumin. Commentary, by E. Pusic, L. Mehl, and I. Rosow. The response, by M. Tumin.--The social sciences and their impact on society, by G. Myrdal. Commentary, by J. J. Henderson, E. M. Burns, and G. F. Rohrlich. The response, by G. Myrdal. 
650 0 |a Social sciences. 
650 0 |a Social policy. 
700 1 |a Stein, Herman David. 
700 1 |a Frankel, Charles,  |d 1917-1979. 
710 2 |a Case Western Reserve University.  |b School of Applied Social Sciences. 
999 |a MARS 
999 f f |s 80926836-a7d7-3a81-9cb7-b2c5115510fa  |i 99ad0186-258e-3a6b-becb-940caea59dcb  |t 0 
952 f f |p ric  |a Texas A&M University  |b Rellis Campus  |c Joint Library Facility  |d Remote Storage  |t 0  |e H61 .S775  |h Library of Congress classification  |i unmediated -- volume  |m A14802511478 
998 f f |a H61 .S775  |t 0  |l Remote Storage